| 000 | 00000nam##2200000za#4500 |
| 001 | 9.697822 |
| 003 | CaOODSP |
| 005 | 20210624235642 |
| 007 | cr ||||||||||| |
| 008 | 150407|1981||||xxc|||||o f|0| 0 eng|d |
| 040 | |aCaOODSP|beng |
| 043 | |an-cn--- |
| 086 | 1 |aA15-5129/1981E-PDF |
| 110 | 1 |aCanada.|bAgriculture Canada.|bResearch Branch. |
| 245 | 10|aFood from land. I, Animal protein ; II, Nonanimal protein : |h[electronic resource]|bpapers presented to the Parliamentary and Scientific Committee at the House of Commons, Ottawa, November 1 and 30, 1977 / |cMichel Bergeron, session chairman. |
| 260 | |aOttawa - Ontario : |bAgriculture Canada. |c1981. |
| 300 | |a114p.|bfigs., graphs, illus., map, references, tables |
| 500 | |aHistorical publication digitized by Agriculture and Agri-Food Canada. |
| 590 | |a13-17-Supp|b2013-07-25 |
| 690 | 07|aAgri-food products|2gcpds |
| 690 | 07|aFood|2gcpds |
| 690 | 07|aAgri-food industry|2gcpds |
| 775 | 08|tDe la terre à la table. I, Protéines animales ; II, Protéines non animales : |w(CaOODSP)9.641393 |
| 856 | 40|ahttp://publications.gc.ca|qPDF|s6.37 MB|uhttps://publications.gc.ca/collections/collection_2013/aac-aafc/agrhist/A15-5129-1981-eng.pdf |
| 986 | |a5129 |